Global dictionary of theology : (Record no. 117884)
[ view plain ]
| 000 -LEADER | |
|---|---|
| fixed length control field | 02360cam a22003374a 4500 |
| 001 - CONTROL NUMBER | |
| control field | 6947712 |
| 003 - CONTROL NUMBER IDENTIFIER | |
| control field | ARRUPE |
| 005 - DATE AND TIME OF LATEST TRANSACTION | |
| control field | 20130918142757.0 |
| 008 - FIXED-LENGTH DATA ELEMENTS--GENERAL INFORMATION | |
| fixed length control field | 080527s2008 ilu bd 001 0 eng |
| 010 ## - LIBRARY OF CONGRESS CONTROL NUMBER | |
| LC control number | 2008022674 |
| 020 ## - INTERNATIONAL STANDARD BOOK NUMBER | |
| International Standard Book Number | 9780830824540 (cloth : alk. paper) |
| 020 ## - INTERNATIONAL STANDARD BOOK NUMBER | |
| International Standard Book Number | 0830824545 (cloth : alk. paper) |
| 024 ## - OTHER STANDARD IDENTIFIER | |
| Standard number or code | 40016063240 |
| 035 ## - SYSTEM CONTROL NUMBER | |
| System control number | (OCoLC)ocn223907889 |
| 035 ## - SYSTEM CONTROL NUMBER | |
| System control number | (OCoLC)223907889 |
| 035 ## - SYSTEM CONTROL NUMBER | |
| System control number | (NNC)6947712 |
| 040 ## - CATALOGING SOURCE | |
| Original cataloging agency | DLC |
| Transcribing agency | DLC |
| Modifying agency | BTCTA |
| -- | BAKER |
| -- | YDXCP |
| -- | ABF |
| -- | C#P |
| -- | OrLoB-B |
| 050 00 - LIBRARY OF CONGRESS CALL NUMBER | |
| Classification number | BR95 |
| Item number | .G56 2008 |
| 082 00 - DEWEY DECIMAL CLASSIFICATION NUMBER | |
| Classification number | 230.03 |
| Edition number | 22 |
| 300 ## - PHYSICAL DESCRIPTION | |
| Dimensions | 26 cm. |
| 245 00 - TITLE STATEMENT | |
| Title | Global dictionary of theology : |
| Remainder of title | a resource for the worldwide church / |
| Statement of responsibility, etc | edited by William A. Dyrness and Veli-Matti Kärkkäinen ; associate editors, Juan Francisco Martinez and Simon Chan. |
| 260 ## - PUBLICATION, DISTRIBUTION, ETC. (IMPRINT) | |
| Place of publication, distribution, etc | Downers Grove, Ill. : |
| Name of publisher, distributor, etc | IVP Academic ; |
| Place of publication, distribution, etc | Nottingham, England : |
| Name of publisher, distributor, etc | Inter-Varsity Press, |
| Date of publication, distribution, etc | c2008. |
| 300 ## - PHYSICAL DESCRIPTION | |
| Extent | xxviii, 996 p. ; |
| 504 ## - BIBLIOGRAPHY, ETC. NOTE | |
| Bibliography, etc | Includes bibliographical references and indexes. |
| 520 1# - SUMMARY, ETC. | |
| Summary, etc | "Theological dictionaries are foundational to any theological library. But until now there has been no global dictionary of theology, a theological dictionary that presumes the contribution of the Western tradition but moves beyond it to embrace and explore a full range of global expressions of theology." "The Global Dictionary of Theology is inspired by the shift of the center of Christianity from the West to the global South. But it also reflects the increase in two-way traffic between these two sectors as well as the global awareness that has permeated popular culture to an unprecedented degree." "The editorial perspective of the Global Dictionary of Theology is an ecumenical evangelicalism that is receptive to discovering new facets of truth through listening and conversation on a global scale." "Pastors, theological teachers, theological students and lay Christian leaders will all find the Global Dictionary of Theology to be a resource that unfolds new dimensions and reveals new panoramas of theological perspective and inquiry. Here is a new launching point for doing theology in today's global context."--BOOK JACKET. |
| 650 #0 - SUBJECT ADDED ENTRY--TOPICAL TERM | |
| Topical term or geographic name as entry element | Theology |
| Form subdivision | Dictionaries. |
| 9 (RLIN) | 584 |
| 700 1# - ADDED ENTRY--PERSONAL NAME | |
| Personal name | Dyrness, William A. |
| 9 (RLIN) | 585 |
| 700 1# - ADDED ENTRY--PERSONAL NAME | |
| Personal name | Kärkkäinen, Veli-Matti. |
| 9 (RLIN) | 586 |
| 900 ## - EQUIVALENCE OR CROSS-REFERENCE-PERSONAL NAME [LOCAL, CANADA] | |
| Numeration | TOC |
| 942 ## - ADDED ENTRY ELEMENTS (KOHA) | |
| Source of classification or shelving scheme | Library of Congress Classification |
| Koha item type | Monograph ( Printed materials) |
| 948 1# - LOCAL PROCESSING INFORMATION (OCLC); SERIES PART DESIGNATOR (RLIN) | |
| Series part designator, SPT (RLIN) | 20081222 |
| b (OCLC) | c |
| c (OCLC) | dc21 |
| d (OCLC) | MPS |
| Withdrawn status | Lost status | Source of classification or shelving scheme | Damaged status | Not for loan | Home library | Current library | Date acquired | Total Checkouts | Full call number | Barcode | Date last seen | Price effective from | Koha item type |
|---|---|---|---|---|---|---|---|---|---|---|---|---|---|
| Library of Congress Classification | ARRUPE LIBRARY | ARRUPE LIBRARY | 18/09/2013 | REF BR95 .G56 2008 | 46411851 | 18/09/2013 | 18/09/2013 | Monograph ( Printed materials) |